00547 2200217 4500001002100000005001500021035002000036007000300056008004100059020000600100082001500106084002100121100001700142245002200159250001200181260003400193300003000227650002200257856002800279990002200307INLIS00000000000752920250711100451 a0010-0725000044ta250711 0 ind  a- a631.53:575 a631.53:575 ALL p0 aALLARD, R.W.1 aPemuliaan Tanaman aPertama aJakarta :bBina Aksara,c1989 a642p. :bilus ;c20 cme- 4aPemuliaan tanaman aPerpustakaan BRMP Jatim a3852025/BRMPJATIM